000 00354nam a22001457a 4500
020 _a2043-0892
082 _a641.5
_bDAV/M
100 _aDAVIS, BECKY
245 _aMY FAVOURITE RECIPES HEAVENLY DESSERTS
260 _aLONDON
_bEAGLEMOSS PUBLICATIONS
_c2010
300 _a95
520 _aRECIPIE BOOK
650 _aFOOD AND NUTRITION
_zINDIA
942 _cBK
999 _c5891
_d5891